The control of chromatophores /

The Control of Chromatophores focuses on the color changes in animals, particularly among the invertebrates. Cells containing pigment that can disperse or concentrate, thereby changing the tint of the organism in which they lie, are known as chromatophores. Well-developed, functional chromatophore s...

Full description

Bibliographic Details
Main Author: Fingerman, Milton, 1928- (Author)
Corporate Author: ScienceDirect (Online service)
Format: eBook
Language:English
Published: Oxford : Pergamon, 1963.
Series:International series of monographs on pure and applied biology. Division, Zoology.
Subjects:
Online Access:Connect to the full text of this electronic book

MARC

Tag First Indicator Second Indicator Subfields
LEADER 00000cam a2200000 i 4500
001 in00005756076
005 20260326210323.8
006 m o d
007 cr cnu---unuuu
008 140922s1963 enk ob 001 0 eng d
040 |a OPELS  |b eng  |e rda  |e pn  |c OPELS  |d E7B  |d OCLCF  |d VLY  |d OCLCO  |d OCLCQ  |d OCLCO  |d OCLCL  |d OCLCQ  |d OCLCL 
020 |z 9780080098241 
035 |a (OCoLC)891105456 
050 4 |a QL767 
082 0 4 |a 591.47/2  |2 23 
049 |a TXAM 
100 1 |a Fingerman, Milton,  |d 1928-  |e author. 
245 1 4 |a The control of chromatophores /  |c M. Fingerman. 
264 1 |a Oxford :  |b Pergamon,  |c 1963. 
300 |a 1 online resource. 
336 |a text  |b txt  |2 rdacontent 
337 |a computer  |b c  |2 rdamedia 
338 |a online resource  |b cr  |2 rdacarrier 
490 1 |a International Series of Monographs on Pure and Applied Biology, Zoology division 
504 |a Includes bibliographical references and indexes. 
588 0 |a Online resource; title from PDF title page (ScienceDirect, viewed Sept 22, 2014). 
505 0 |a Front Cover; The Control of chromatophores; Copyright Page; Dedication; Table of Contents; ACKNOWLEDGEMENTS; CHAPTER 1. CHROMATOPHORES AND COLOR CHANGES; TYPES OF CHROMATOPHORES; CHEMISTRY OF CHROMATOPHORAL PIGMENTS; CLASSIFICATION OF CHROMATOPHORE RESPONSES; FUNCTIONAL SIGNIFICANCE OF COLOR CHANGES; METHODS OF STAGING CHROMATOPHORES; CHAPTER 2. CHROMATOPHORES OF CRUSTACEANS; SOURCES OF CHROMATOPHOROTROPINS; CHROMATOPHORES OF ISOPODS; CHROMATOPHORES OF BRACHYURANS; CHROMATOPHORES OF ASTACURANS; CHAPTER 3. CHROMATOPHORES OF INSECTS; CHAPTER 4. CHROMATOPHORES OF CEPHALOPODS 
505 8 |a CHAPTER 5. CHROMATOPHORES OF ECHINODERMSCHAPTER 6. CHROMATOPHORES OF VERTEBRATES; SOURCES OF CHROMATOPHOROTROPINS; CHEMISTRY OF CHROMATOPHOROTROPINS; CHROMATOPHORES OF CYCLOSTOMES; CHROMATOPHORES OF ELASMOBRANCHS; CHROMATOPHORES OF TELEOSTS; CHROMATOPHORES OF AMPHIBIANS; CHAPTER 7. PERSPECTIVES; REFERENCES; AUTHOR INDEX; SUBJECT INDEX 
520 |a The Control of Chromatophores focuses on the color changes in animals, particularly among the invertebrates. Cells containing pigment that can disperse or concentrate, thereby changing the tint of the organism in which they lie, are known as chromatophores. Well-developed, functional chromatophore systems are common among cephalopods, crustaceans, and poikilotherm vertebrates. Rare instances are found among other groups such as annelids, echinoderms, and insects. After an introduction to the types, chemistry, and functional significance of chromatophores, this text concentrates on the chromato. 
650 0 |a Animals  |x Color. 
650 0 |a Chromatophores. 
650 6 |a Animaux  |x Couleur. 
650 6 |a Chromatophores. 
650 7 |a Animals  |x Color  |2 fast 
650 7 |a Chromatophores  |2 fast 
655 7 |a Electronic books.  |2 local 
710 2 |a ScienceDirect (Online service) 
830 0 |a International series of monographs on pure and applied biology.  |p Division, Zoology. 
856 4 0 |u http://proxy.library.tamu.edu/login?url=https://www.sciencedirect.com/science/book/9780080098241  |z Connect to the full text of this electronic book  |t 0 
955 |a Elsevier ScienceDirect 2026-2027 
994 |a 92  |b TXA 
999 f f |i 08473864-8001-49fd-9045-2700f077019d  |s 5e85c355-95cf-43cc-974a-992387e6fda8  |t 0 
952 f f |a Texas A&M University  |b College Station  |c Electronic Resources  |s www_evans  |d Available Online  |t 0  |e QL767   |h Library of Congress classification 
998 f f |a QL767   |t 0  |l Available Online